Fußball Vereine Anagramme - Statistiken

Allgemein
  • Dieses Quiz wurde 156 mal gespielt
  • Das Durchschnittsergebnis liegt bei 15 aus 17
Antwortstatistiken
Anagramm Verein % Korrekt
VHS HSV
98%
GPS PSG
97%
EYARB 40 ULSEVENERK Bayer 04 Leverkusen
96%
CF NEYBAR NENHÜMC FC Bayern München
95%
BVF TTTTARSUG VfB Stuttgart
95%
TUSUNJEV URINT Juventus Turin
94%
AREL DIDARM Real Madrid
92%
ARABELONC Barcelona
91%
RUSSIABO CANNLECDGÖBMAHH Borussia Mönchengladbach
91%
DEWERR MENERB Werder Bremen
90%
TATANALA OMABERG Atalanta Bergamo
87%
SISAUBOR TORDUDMN Borussia Dortmund
87%
TRACHTENI KURANFRTF Eintracht Frankfurt
86%
CHANSERTEM TEDINU Manchester United
81%
ALNASER Arsenal
79%
AAAAARTLSYG Galatasaray
74%
LOLOVIPER Liverpool
72%
Keine übereinstimmenden Quizze gefunden
Verteilung der Resultate
Anzahl Personen mit jedem Resultat
Perzentil nach korrekt beantworteten Fragen
Ihre Resultats-Entwicklung
Sie haben dieses Quiz noch nicht gespielt